Diseño e implementación óptima de un ecualizador a cinco bandas utilizando filtros capacitores conmutados en modo pasatodo
Guardado en:
| Autor principal: | |
|---|---|
| Formato: | Libro |
| Publicado: |
[San José, Costa Rica]
2007
|
| Materias: | |
| Etiquetas: |
Agregar Etiqueta
Sin Etiquetas, Sea el primero en etiquetar este registro!
|
MARC
| LEADER | 00000nam a2200000Ia 4500 | ||
|---|---|---|---|
| 003 | 009977 | ||
| 005 | 20221231144105.0 | ||
| 008 | 140114s2007 cr a 000 ||s d | ||
| 040 | |c cru CEDI | ||
| 090 | |a TFG 5506 | ||
| 100 | |a Ovares López, Joselyn Natalia |9 2908 | ||
| 245 | |a Diseño e implementación óptima de un ecualizador a cinco bandas utilizando filtros capacitores conmutados en modo pasatodo | ||
| 260 | |c 2007 |b [San José, Costa Rica] | ||
| 300 | |a 1 volumen ( en varias paginaciones); ilustraciones | ||
| 500 | |a Proyecto de graduación (bachillerato en ingeniería eléctrica)--Universidad de Costa Rica. Facultad de Ingeniería. Escuela de Ingeniería Eléctrica | ||
| 650 | |x FILTROS ELECTRICOS |x DISEÑO Y CONSTRUCCION |x PROCESAMIENTO ELECTRONICO DE DATOS |x SISTEMAS DE TRANSMISION DE DATOS |x PROCESAMIENTO DE SEÑALES |9 4725 | ||
| 942 | |c TFG | ||
| 999 | |c 16753 |d 16753 | ||
